Every Daily US Spotify Chart Top 10 Entry (2023) - Statistics

General Stats
  • This quiz has been taken 7 times
    4 since last reset
  • The average score is 17 of 138
Answer Stats
Artist(s) Title % Correct
Lil Durk / J. Cole All My Life
75%
Metro Boomin / The Weeknd / 21 Savage Creepin'
75%
Travis Scott / Playboi Carti Fe!n/Fein
75%
Sza | Sza / Doja Cat Kill Bill
75%
Steve Lacy Bad Habit
50%
Pinkpantheress / Ice Spice Boy's A Liar Pt. 2
50%
Travis Scott / Beyoncé Delresto (Echoes)/Delresto
50%
Gunna Fukumean/Fuckumean/Fumean/Fucumean/Fkumean/Fcumean/Umean
50%
Travis Scott Hyaena/Hyena
50%
Travis Scott I Know ?
50%
Lil Uzi Vert Just Wanna Rock
50%
Morgan Wallen Last Night
50%
Travis Scott / Drake Meltdown
50%
Travis Scott My Eyes
50%
Travis Scott / Sza / Future Telekinesis
50%
Travis Scott Thank God
50%
Travis Scott / Rob49 / 21 Savage Topia Twins
50%
Natanael Cano / Peso Pluma / Gabito Ballesteros Amg
25%
Harry Styles As It Was
25%
Lil Uzi Vert / Travis Scott Aye
25%
Nicki Minaj / Ice Spice / Aqua Barbie World
25%
Metro Boomin / Swae Lee / Nav / A Boogie Wit Da Hoodie Calling
25%
The Weeknd | The Weeknd / Ariana Grande Die For You
25%
Tyler, The Creator Dogtooth
25%
Eslabon Armado / Peso Pluma Ella Baila Sola
25%
Luke Combs Fast Car
25%
Miley Cyrus Flowers
25%
Travis Scott / Bad Bunny / The Weeknd K-Pop
25%
Yng Lvcas / Peso Pluma La Bebe
25%
Peso Pluma / Gabito Ballesteros / Junior H Lady Gaga
25%
Lil Mabu Mathematical Disrespect
25%
Travis Scott / Teezo Touchdown Modern Jam
25%
Young Thug / Drake Oh U Went
25%
Young Thug / Drake Parade On Cleveland
25%
The Weeknd / Playboi Carti / Madonna Popular
25%
Drake / 21 Savage Rich Flex
25%
D4vd Romantic Homicide
25%
Fuerza Regida Sabor Fresa
25%
Tyler, The Creator / Kali Uchis See You Again
25%
Travis Scott Sirens
25%
Tyler, The Creator Sorry Not Sorry
25%
Metro Boomin / Future / Chris Brown Superhero
25%
Fuerza Regida Tqm
25%
Tyler, The Creator / A$ap Rocky Wharf Talk
25%
Morgan Wallen Ain't That Some
0%
Taylor Swift All Of The Girls You Loved Before
0%
Lil Uzi Vert Amped
0%
Metro Boomin / Swae Lee / Lil Wayne / Offset Annihilate
0%
Taylor Swift Anti-Hero
0%
Doja Cat Attention
0%
Taylor Swift August
0%
Taylor Swift Back To December (Taylor's Version)/Back To December
0%
Olivia Rodrigo Bad Idea Right?
0%
Taylor Swift Better Than Revenge (Taylor's Version)/Better Than Revenge
0%
Rihanna Bitch Better Have My Money
0%
Bruce Springsteen Born In The U.s.a.
0%
Morgan Wallen Born With A Beer In My Hand
0%
Bizarrap / Shakira Bzrp Music Sessions, Vol. 53/Music Sessions, Vol. 53
0%
Bizarrap / Peso Pluma Bzrp Music Sessions, Vol. 55/Music Sessions, Vol. 55
0%
Taylor Swift / Hayley Williams Castles Crumbling (Taylor's Version) (From The Vault)/Castles Crumbling
0%
Post Malone Chemical
0%
Zac Brown Band Chicken Fried
0%
Taylor Swift Cruel Summer
0%
Lil Uzi Vert Crush Em
0%
Fifty Fifty Cupid
0%
Dua Lipa Dance The Night
0%
Zach Bryan / Maggie Rogers Dawns
0%
David Kushner Daylight
0%
Taylor Swift Dear John (Taylor's Version)/Dear John
0%
Morgan Wallen Devil Don't Know
0%
Noah Kahan | Noah Kahan / Post Malone Dial Drunk
0%
Rihanna Diamonds
0%
The Weeknd / Future Double Fantasy
0%
Hozier Eat Your Young
0%
Taylor Swift / Fall Out Boy Electric Touch (Taylor's Version) (From The Vault)/Electric Touch
0%
Taylor Swift Enchanted (Taylor's Version)/Enchanted
0%
Lil Uzi Vert / Nicki Minaj Endless Fashion
0%
Morgan Wallen Everything I Love
0%
Lil Uzi Vert Flooded The Face
0%
Beabadoobee Glue Song
0%
Jvke Golden Hour
0%
Nf Happy
0%
Taylor Swift Hits Different
0%
Nf Hope
0%
Taylor Swift I Can See You (Taylor's Version) (From The Vault)/I Can See You
0%
Lil Uzi Vert I Gotta
0%
David Guetta / Bebe Rexha I'm Good
0%
Morgan Wallen I Wrote The Book
0%
Taylor Swift / Ice Spice Karma
0%
Trippie Redd / Juice Wrld Knight Crawler
0%
Jimin Like Crazy
0%
The Kid Laroi Love Again
0%
Luke Combs Love You Anyway
0%
Peso Pluma / Junior H Luna
0%
Morgan Wallen / Eric Church Man Made A Bar
0%
Taylor Swift Mean (Taylor's Version)/Mean
0%
Taylor Swift Mine (Taylor's Version)/Mine
0%
Post Malone Mourning
0%
Labrinth Never Felt So Alone
0%
Sza Nobody Gets Me
0%
Sabrina Carpenter Nonsense
0%
Morgan Wallen One Thing At A Time
0%
Post Malone Overdrive
0%
Superstar Pride Painting Pictures
0%
Doja Cat Paint The Town Red
0%
Miley Cyrus Party In The U.s.a.
0%
Peso Pluma / Natanael Cano Prc
0%
Ice Spice / Nicki Minaj Princess Diana
0%
Miley Cyrus River
0%
Lana Del Rey Say Yes To Heaven
0%
Drake Search & Rescue
0%
Jung Kook / Latto Seven
0%
Nle Choppa Slut Me Out
0%
Taylor Swift / More Lana Del Rey Snow On The Beach
0%
Taylor Swift Sparks Fly (Taylor's Version)/Sparks Fly
0%
Taylor Swift Speak Now (Taylor's Version)/Speak Now
0%
Lil Durk / Morgan Wallen Stand By Me
0%
Taylor Swift Style
0%
Lil Uzi Vert Suicide Doors
0%
Newjeans Super Shy
0%
Miguel Sure Thing
0%
Morgan Wallen Thinkin' Bout Me
0%
Karol G / Shakira Tqg
0%
Jason Aldean Try That In A Small Town
0%
Rihanna / Jay-Z Umbrella
0%
Sam Smith / Kim Petras Unholy
0%
Grupo Frontera / Bad Bunny Un X100to
0%
Olivia Rodrigo Vampire
0%
Melanie Martinez Void
0%
Lil Uzi Vert / Sped Up Nightcore / Arizonatears Watch This
0%
Rihanna / Calvin Harris We Found Love
0%
Billie Eilish What Was I Made For?
0%
Bad Bunny Where She Goes
0%
Lil Uzi Vert X2
0%
Morgan Wallen You Proof
0%
No matching quizzes found
Score Distribution
Percent of People with Each Score
Percentile by Number Answered
Your Score History
You have not taken this quiz since the last reset